| 000 | 00637nam a2200205 i 4500 | ||
|---|---|---|---|
| 001 | 62197 | ||
| 003 | ES-MaACL | ||
| 005 | 20230906164626.0 | ||
| 007 | t| | ||
| 008 | 031118s1965 sp ||||1| spa d | ||
| 100 | 1 |
_aFeria, Luis. _949296 |
|
| 245 | 1 | 3 |
_aEl funeral / _cLuis Feria ; retrato por Antonio Padrón. |
| 260 |
_aLas Palmas : _b[s.n., _c1965] ( _fImp. de Pedro Lezcano) |
||
| 300 |
_a7 h., 1 lám. ; _c21 cm. |
||
| 490 | 1 |
_aLa fuente que mana y corre ; _v3 |
|
| 700 | 1 |
_aPadrón, Antonio. _988207 |
|
| 830 | 0 |
_aLa fuente que mana y corre ; _v3 _9230630 |
|
| 852 |
_aES-MaACL _j2044-F-23 _bR.57059 |
||
| 999 |
_c62197 _d62197 |
||